000 00472nam a2200145Ia 4500
008 100122s9999 xx 000 0 und d
082 _b64271
_a500
100 _aघैसास दिवाकर अनंत
245 _aयुवा विज्ञान कुतुहल
260 _c2004
300 _a76
630 _aयुवा विज्ञान कुतुहल
730 _aयुवा विज्ञान कुतुहल
942 _cBOOK
999 _c437872
_d437869